Corporate skills : (Record no. 78494)

MARC details
000 -LEADER
fixed length control field 00605nam a22001937a 4500
005 - DATE AND TIME OF LATEST TRANSACTION
control field 20130911124624.0
010 ## - LCCN (DPL NO)
LC control number ENG-108299
020 ## - INTERNATIONAL STANDARD BOOK NUMBER
International Standard Book Number 9789381588963
Terms of availability 150.00
020 ## - INTERNATIONAL STANDARD BOOK NUMBER
International Standard Book Number 9381588961
Terms of availability 150.00
035 ## - SYSTEM CONTROL NUMBER
System control number EN-91832
037 ## - SOURCE OF ACQUISITION
Source of stock number/acquisition DBAD/PUB
082 ## - DEWEY DECIMAL CLASSIFICATION NUMBER
Classification number 658.4
100 ## - MAIN ENTRY--PERSONAL NAME
Personal name Prasoon, Shrikant
245 10 - TITLE STATEMENT
Title Corporate skills :
Statement of responsibility, etc by Shrikant Prasoon
Remainder of title Vikram's insight into Vetala"s management /
260 ## - PUBLICATION, DISTRIBUTION, ETC. (IMPRINT)
Place of publication, distribution, etc New Delhi
Name of publisher, distributor, etc V & S Publishers
Date of publication, distribution, etc 2013
270 ## - ADDRESS
Address F-2/16, Ansari Road, Daryaganj
City New Delhi
Postal code 110002
300 ## - PHYSICAL DESCRIPTION
Extent 213p. :
Dimensions 22cm(pbk)
Other physical details ill.
942 ## - ADDED ENTRY ELEMENTS (KOHA)
Source of classification or shelving scheme Dewey Decimal Classification
Item type English Books
Call number suffix PRA
Classification part 658.4
Holdings
Withdrawn status Lost status Not for loan Collection code Home library Current library Date acquired Source of acquisition Cost, normal purchase price Full call number Barcode Copy number Cost, replacement price Koha item type
    Not For Loan Non-fiction D.B.Act.Division D.B.Act.Division 08/08/2013 DBAD / PUB 150.00 658.4 PRA EN-91832 1 150.00 English Books

© Delhi Public Library
Hit Counter
free hit counter